Every City and Settlement in the Yukon on a Map - Statistics

General Stats
  • This quiz has been taken 289 times
  • The average score is 8 of 26
Answers on the Map
Answers color-coded by a green-red scale on the quiz's map according to % correct below.
 
Answer Stats
Type Pop City % Correct
City 28.2 k Whitehorse
99%
Town 1.5 k Dawson
75%
Town 188 Mayo
48%
Town 1.1 k Watson Lake
43%
Town 688 Haines Junction
40%
Town 588 Carmacks
38%
Town 440 Faro
38%
Town 239 Teslin
35%
Settlement 317 Carcross
33%
Settlement 236 Old Crow
32%
Settlement 93 Beaver Creek
25%
Settlement 10 Johnsons Crossing
24%
Hamlet 523 Ibex Valley
23%
Settlement 316 Pelly Crossing
23%
Settlement 40 Destruction Bay
21%
Hamlet 468 Mount Lorne
21%
Settlement 5 Swift River
21%
Settlement 10 Stewart Crossing
20%
Indian settlement 22 Champagne Landing
19%
Settlement 20 Keno City
19%
Settlement 748 Marsh Lake
19%
Settlement 311 Tagish
19%
Settlement 355 Ross River
17%
Settlement 64 Burwash Landing
16%
Settlement 130 Upper Liard
15%
Indian settlement 162 Two and One-Half Mile Village
13%
No matching quizzes found
Score Distribution
Percent of People with Each Score
Percentile by Number Answered
Your Score History
You have not taken this quiz